000 00739nam a2200217 a 4500
001 000015930
005 20240412074244.0
008 100222s2007 dr a 000 j spa d
020 _a9789945161489
040 _aDO-SdBNP
_bspa
_cBNPHU
082 _aRD863.44
_bM828s
100 1 _aMorales Hermida, Rocío Marielle
_d1990-
_935820
245 1 4 _aLos sueños dorados /
_cRocío Marielle Morales Hermida.
260 _aSanto Domingo :
_bEdiciones Alandar,
_c2007.
300 _a64 p. :
_bil. ;
_c23 cm.
500 _aIncluye datos biográficos de la autora en la contracubierta
590 _aInventariado, 2019/BT
650 0 _aCuentos dominicanos
_9176
650 0 _aLiteratura dominicana.
_967
910 _aValidado. Control de calidad MFF
999 _c15472
_d15472